000 00716nam a2200253Ia 4500
003 OSt
005 20220918220537.0
006 a|||||r|||| 00| 0
007 ta
008 220917b |||||||| |||| 00| 0 eng d
024 _a146,351
037 _cTextual
040 _aARTS
_cARTS
_beng
041 _2eng
_aeng
082 _aY9(X8):6.5.M, L8
100 _aKrishnan Kumar
_9137742
245 0 _aProphecy and progress
_b The sociology of industrial and post industrial society
260 _aLondon
_bPenguin
_c1978
300 _a416p.
_ccm.
500 _aBibliography p386-405
650 _aSOCIOLOGY
942 _hY9(X8):6.5.M, L8
_cTEXL
_2CC
999 _c269107
_d269107